|
|
|
|
| LEADER |
01787cam a2200481 a 4500 |
| 001 |
nkc20142573123 |
| 003 |
CZ PrNK |
| 005 |
20240619070105.0 |
| 007 |
ta |
| 008 |
140325s2013 xr a f 001 0 cze |
| 015 |
|
|
|a cnb002573123
|
| 020 |
|
|
|a 978-80-7435-391-8
|q (Gaudeamus ;
|q v knize neuvedeno ;
|q brož.)
|
| 020 |
|
|
|a 978-80-971200-3-0
|q (Tlačiareň J+K ;
|q brož.)
|
| 035 |
|
|
|a (OCoLC)879565085
|
| 040 |
|
|
|a ABA001
|b cze
|
| 041 |
0 |
|
|a cze
|b cze
|b eng
|
| 044 |
|
|
|a xr
|a xo
|
| 072 |
|
7 |
|a 621
|x Strojírenství
|2 Konspekt
|9 19
|
| 080 |
|
|
|a 621.9.06-933.6
|2 MRF
|
| 080 |
|
|
|a 004.42
|2 MRF
|
| 080 |
|
|
|a (048.8:082)
|2 MRF
|
| 100 |
1 |
|
|a Dubovská, Rozmarína
|7 jo2014814506
|4 aut
|
| 245 |
1 |
0 |
|a ISO programování CNC strojů v řídícím systému MIKROPROG /
|c Rozmarína Dubovská, Jozef Majerík, Radoslav Minárik
|
| 246 |
1 |
|
|i Správný název je:
|a ISO programování CNC strojů v řídicím systému MIKROPROG
|
| 250 |
|
|
|a Vyd. 1.
|
| 260 |
|
|
|a Hradec Králové :
|b Univerzita Hradec Králové ;
|a Nemšová :
|b Tlačiareň J+K,
|c 2013
|
| 300 |
|
|
|a 104 s. :
|b il. ;
|c 30 cm
|
| 500 |
|
|
|a 200 výt.
|
| 504 |
|
|
|a Obsahuje bibliografii a rejstřík
|
| 546 |
|
|
|a České a anglické resumé
|
| 650 |
0 |
7 |
|a CNC stroje
|7 ph258296
|2 czenas
|
| 650 |
0 |
7 |
|a programování
|7 ph115891
|2 czenas
|
| 650 |
0 |
9 |
|a CNC machine tools
|2 eczenas
|
| 650 |
0 |
9 |
|a programming
|2 eczenas
|
| 655 |
|
7 |
|a kolektivní monografie
|7 fd501537
|2 czenas
|
| 655 |
|
9 |
|a collective monographs
|2 eczenas
|
| 700 |
1 |
|
|a Majerík, Jozef
|7 jo2014814515
|4 aut
|
| 700 |
1 |
|
|a Minárik, Radoslav
|7 jo2014814525
|4 aut
|
| 910 |
2 |
|
|a BOA001
|b 4-1324.177
|
| 990 |
|
|
|a BK
|
| 995 |
|
|
|a 01
|
| 991 |
|
|
|b 201404
|c NOV
|e n
|
| 996 |
6 |
|
|b 2610587711
|c 4-1324.177
|l MZK
|r Sklad / do 1 hodiny
|n 1
|p p.v.
|w 001414278
|u 000010
|a 1
|e BOA001
|j MZK50
|s P
|